countries that do not really exist - Statistics

General Stats
  • This quiz has been taken 6 times
  • The average score is 5 of 15
Answer Stats
Hint Answer % Correct
Europe Scotland
80%
Africa Somaliland
60%
Europe Transnistria
60%
Eruope Catalonia
40%
Europe/Asia Chechnya
40%
Europe/Asia Dagestan
40%
Europe/Asia Ossetia
40%
Europe Sicily
40%
Europe Bavaria
20%
Europe Corsica
20%
Europe Faroe Islands
20%
Europe Sardinia
20%
Europe Brittany
0%
Europe Cornwall
0%
Europe Galicia
0%
No matching quizzes found
Score Distribution
Percent of People with Each Score
Percentile by Number Answered
Your Score History
You have not taken this quiz